Legislación Tributaria
Đã lưu trong:
| Định dạng: | Sách |
|---|---|
| Ngôn ngữ: | Tiếng Tây Ban Nha |
| Được phát hành: |
Santiago
Jurídica ConoSur
1998
|
| Những chủ đề: | |
| Các nhãn: |
Thêm thẻ
Không có thẻ, Là người đầu tiên thẻ bản ghi này!
|
MARC
| LEADER | 00000nam a2200000 a 4500 | ||
|---|---|---|---|
| 001 | UCR9182 | ||
| 003 | CL-VaPUC | ||
| 008 | 980613e19980000CL |||||||||||||||||spa|d | ||
| 082 | 0 | 4 | |a 343.04 |b LEG |2 21 |
| 245 | 1 | 0 | |a Legislación Tributaria |
| 300 | |a 742 p | ||
| 942 | |c BK | ||
| 945 | |d 19980613 00:00:00 |a mvenant | ||
| 260 | |a Santiago |b Jurídica ConoSur |c 1998 | ||
| 650 | 7 | |a LEGISLACION TRIBUTARIA |2 CL-VaPUC |9 411424 | |
| 650 | 0 | |a Impuestos |9 255450 | |
| 650 | 0 | |a Derecho tributario |9 258895 | |
| 651 | 7 | |a CHILE |2 CL-VaPUC |9 411425 | |
| 583 | |a last modification |c 19980613 00:00:00 |k Rodrigo Vera | ||
| 999 | |c 270385 |d 270383 | ||
| 952 | |0 0 |1 0 |4 0 |6 343_040000000000000_LEG_1998 |7 0 |8 A |9 304658 |a BIBGIM |b BIBGIM |d 2019-11-20 |i 3432866 |o 343.04 LEG 1998 |p 3432866 |r 2025-01-15 |w 2019-11-20 |y BK |k COM | ||